00558nam a2200181Ia 4500008004100000020001800041082002000059100002300079245005400102250000600156260003900162300001700201500002400218650001000242942000700252952010000259999001700359230524s9999 xx 000 0 und d a9789380578361 a624.151363bSWA aSwami Saran942911 0aReinforced Soil and its Engineering Applications a2 aNew DelhibI.K.Internationalc2010 a"XIII,424p;" aQuantity Number: 1 aCivil cBK 00104070aTATCLbTATCLcGENd2023-05-24l0o624.151363 SWAp54171r2023-05-24w2023-05-24yBK c57878d57878